00703nam a22002057a 45000050016000000100015000160200011000310350010000420370013000520820010000651000029000752450084001042600051001882700033002393000030002725000019003029420024003219990017003459520135003622010082304464.0 aENG-101269 c300.00 a84802 bDBAD/PUB a363.7 aMishra, Rama Kant916897 aMother earth :bproblems of protection global enviroment /cby Rama Kant Mishra aOrissabDakshyeshwar Memorial Foundationc2005 aAthmallik (Mallapur)bOrissa a230p.c24cm (pbk)ephotos aIncludes index 2ddccENh363.7mMIS c42953d42953 001040718NFICaDBADbDBADd2010-08-23eDBAD/PUBg300.00l0o363.9 MISpEN-84802r2010-08-23 00:00:00t1v300.00w2010-08-23yEN